000
00208 a2200097 4500
001
2999
100
_a
Chaudhri, M.A.
245
_a
The muslims umma & Iqbal
260
_a
_b
N.I.H.S.R.
_c
090
_c
2285
_d
2285
942
_a
NUST-CAE
_c
M
_c
14280
999
_c
238072
_d
238072